Energy technology and climate change <a> call to action

Salvato in:
Dettagli Bibliografici
Natura: Libro
Lingua:inglese
Pubblicazione: Paris OECD/IEA 2000
Soggetti:
Tags: Aggiungi Tag
Nessun Tag, puoi essere il primo ad aggiungerne!!

MARC

LEADER 00000nam a2200000 4500
001 c124046
005 20221221084246.7
020 |a 92-64-18563-1 
041 0 |a eng 
044 |a SK 
245 1 0 |a Energy technology and climate change  |b <a> call to action 
264 1 |a Paris  |b OECD/IEA  |c 2000 
300 |a 167 s. 
610 2 0 |a energia 
610 2 0 |a výroba energie 
610 2 0 |a spotreba energie 
610 2 0 |a technológia 
610 2 0 |a emisie 
610 2 0 |a efekt skleníkový 
610 2 0 |a ochrana prostredia životného 
610 2 0 |a výrobky ekologické 
610 2 0 |a OECD